[Event "Acropolis Open"]
[Site "Athens GRE"]
[Date "2006.08.16"]
[Round "4"]
[White "Gelashvili,T"]
[Black "Mastrovasilis,A"]
[Result "1-0"]
[WhiteElo "2575"]
[BlackElo "2521"]
[EventDate "2006.08.13"]

1. d4 d5 2. Nf3 c5 3. dxc5 e6 4. e3 Bxc5 5. a3 Nf6 6. c4 O-O 7. b4 Be7 8.
Bb2 a5 9. b5 Nbd7 10. Nbd2 Nc5 11. Be2 b6 12. cxd5 Nxd5 13. O-O Bb7 14. Nc4
Bf6 15. Nfe5 Rc8 16. Bf3 Qc7 17. Rc1 Rfd8 18. Qc2 a4 19. Qe2 Nb3 20. Rc2
Qb8 21. Be4 Nc5 22. Bxh7+ Kxh7 23. Qh5+ Kg8 24. Qxf7+ Kh7 25. Nxb6 Nxb6 26.
Nc6 Bxc6 27. Bxf6 Rd7 28. Qh5+ Kg8 29. bxc6 Rd5 30. Qg4 Qc7 31. Bd4 Qe7 32.
Rxc5 Rxc5 33. Bxc5 Qxc5 34. Qxe6+ Kh8 35. Rd1 Qxc6 36. Qg4 Nd7 37. h3 Nf6
38. Qf5 Re8 39. g4 Qe4 40. Qxe4 Nxe4 41. Rd4 Nc5 42. Rc4 Re5 43. h4 g6 44.
Kg2 Kg7 45. Kf1 Rd5 46. Ke2 Nb3 47. Rxa4 Rd2+ 48. Kf3 Nc5 49. Rc4 Nd3 50.
Rd4 Ne1+ 51. Kg3 Re2 52. a4 Nc2 53. Rc4 Ne1 54. Rc7+ Kf6 55. g5+ Kf5 56.
Re7 Nd3 57. f3 Nf2 58. e4+ 1-0

[Event "Acropolis Open"]
[Site "Athens GRE"]
[Date "2006.08.16"]
[Round "4"]
[White "Solak,D"]
[Black "Kotanjian,T"]
[Result "0-1"]
[WhiteElo "2564"]
[BlackElo "2515"]
[EventDate "2006.08.13"]

1. d4 d5 2. c4 c6 3. Nc3 Nf6 4. cxd5 cxd5 5. Bg5 Ne4 6. Nxe4 dxe4 7. a3 Qd5
8. Bh4 Nc6 9. e3 e5 10. Ne2 exd4 11. Nc3 Qf5 12. exd4 g5 13. Bg3 Bg7 14. d5
Nd4 15. Bc4 O-O 16. O-O Bd7 17. Ba2 Rac8 18. Bb1 Qg6 19. d6 f5 20. Nd5 Kh8
21. Ne7 Qf6 22. Nxc8 Rxc8 23. Kh1 Bc6 24. h4 gxh4 25. Bf4 h3 26. Qh5 hxg2+
27. Kxg2 e3+ 28. Kg3 e2 29. Rc1 Rg8 30. Ba2 Ne6 31. Bxe6 Qxe6 32. Kh3 Bxb2
33. Rg1 Bxa1 34. d7 e1=Q 35. Rxe1 Qxe1 36. Qh4 Qh1+ 37. Bh2 Qg2+ 0-1

[Event "Acropolis Open"]
[Site "Athens GRE"]
[Date "2006.08.16"]
[Round "4"]
[White "Haznedaroglu,K"]
[Black "Rozentalis,E"]
[Result "1/2-1/2"]
[WhiteElo "2454"]
[BlackElo "2605"]
[EventDate "2006.08.13"]

1. e4 c6 2. d4 d5 3. Nc3 g6 4. Nf3 Bg4 5. h3 Bxf3 6. Qxf3 dxe4 7. Qxe4 Nf6
8. Qh4 Bg7 9. Be3 O-O 10. O-O-O b5 11. Be2 Qa5 12. Kb1 b4 13. Ne4 Nbd7 14.
Nxf6+ Nxf6 15. Bc4 Rfd8 16. Bh6 Rd7 17. Bxg7 Kxg7 18. Rd3 Rad8 19. Rhd1 Qh5
20. Qxh5 Nxh5 21. c3 bxc3 22. bxc3 e6 23. g3 Nf6 24. Kc2 Ne4 25. Rf1 c5 26.
dxc5 Rxd3 27. Bxd3 Nxc5 28. Rd1 e5 29. f3 f5 30. Bb5 Rxd1 31. Kxd1 Kf6 32.
Ke2 g5 33. Kf2 f4 34. h4 Kf5 35. g4+ Kf6 36. hxg5+ Kxg5 37. Bc6 h6 38. a3
Kh4 39. Kg2 Nd3 40. Be4 Nb2 41. Bc2 Nc4 42. Kf2 Nxa3 43. Bd3 Kg5 44. Ke2
Kf6 45. Kd2 Ke6 46. c4 Kd6 47. Kc3 Kc5 48. Bf1 a5 49. Kb3 Nxc4 50. Bxc4 Kd4
51. Bb5 e4 52. Kc2 e3 53. Ba4 Kc4 54. Be8 Kb4 55. Bd7 a4 56. Be6 Kc5 57.
Kc3 Kb5 58. Bc4+ Kc5 59. Be2 Kd5 60. Bc4+ Kc5 1/2-1/2

[Event "Acropolis Open"]
[Site "Athens GRE"]
[Date "2006.08.16"]
[Round "4"]
[White "Kalesis,N"]
[Black "Al Modiahki,M"]
[Result "1-0"]
[WhiteElo "2435"]
[BlackElo "2564"]
[EventDate "2006.08.13"]

1. d4 Nf6 2. c4 e6 3. Nc3 Bb4 4. Qc2 c5 5. dxc5 Na6 6. a3 Bxc3+ 7. Qxc3
Nxc5 8. f3 d5 9. cxd5 b6 10. Bg5 exd5 11. Bxf6 gxf6 12. e3 O-O 13. Ne2 Re8
14. Kf2 Bd7 15. Nd4 Rc8 16. Qd2 Qe7 17. Bd3 Qe5 18. g3 a5 19. Rad1 a4 20.
Bb1 Nb3 21. Qd3 f5 22. f4 Qf6 23. Nxb3 axb3 24. Qxb3 Rc5 25. Rd4 Rec8 26.
Rhd1 Rc4 27. Qd3 Be6 28. Rxc4 Rxc4 29. Rd2 Rc1 30. Ba2 Rc5 31. Qd4 Qxd4 32.
exd4 Rc1 33. Ke3 Kf8 34. Bb3 Rh1 35. Kd3 Ke7 36. Kc3 Kd6 37. Kb4 Kc7 38.
Ba4 h5 39. h4 Rg1 40. Rd3 Rg2 41. Kc3 f6 42. Be8 Bd7 43. Bxh5 Kd6 44. Re3
Rg1 45. Be2 Rc1+ 46. Kd2 Rh1 47. Rb3 Kc7 48. Ke3 Rh2 49. Rc3+ Kd6 50. Rc1
Rg2 51. Kf3 Rh2 52. Rg1 Ba4 53. Rg2 Rh1 54. Bd3 Bd1+ 55. Kf2 Bg4 56. Bf1
Bh3 57. a4 b5 58. axb5 Kc7 59. Rg1 Rh2+ 60. Ke3 Bg4 61. Bg2 Kb6 62. Bxd5
Kxb5 63. b3 Kb4 64. Rh1 Rc2 65. h5 Kc3 66. Bc4 Rg2 67. h6 1-0

[Event "Acropolis Open"]
[Site "Athens GRE"]
[Date "2006.08.16"]
[Round "4"]
[White "Atakisi,U"]
[Black "Romanishin,O"]
[Result "0-1"]
[WhiteElo "2406"]
[BlackElo "2555"]
[EventDate "2006.08.13"]

1. e4 e5 2. Nf3 Nc6 3. Bb5 a6 4. Ba4 Nf6 5. O-O Be7 6. Re1 b5 7. Bb3 d6 8.
c3 O-O 9. h3 Na5 10. Bc2 c5 11. d4 Nd7 12. Nbd2 cxd4 13. cxd4 Nc6 14. Nb3
a5 15. Bd3 a4 16. Bxb5 Qb6 17. Bxc6 Qxc6 18. Nbd2 Bf6 19. b3 axb3 20. Nxb3
exd4 21. Nbxd4 Qa4 22. Bg5 Bxg5 23. Nxg5 Nf6 24. Nf5 Bxf5 25. exf5 Qf4 26.
Nf3 Ra3 27. Qc1 Qb4 28. Re3 Ra5 29. a3 Qb6 30. Rb1 Qa6 31. Nd4 h6 32. Nc6
Rc5 33. Ne7+ Kh7 34. Qd2 d5 35. Qb4 Qc4 36. Nc6 Rc8 37. Ne5 Qc2 38. Rbe1
R8c7 39. Qf4 Qd2 40. Nf3 Qa5 41. Qh4 Rc1 42. Qb4 Qa7 43. Qd2 Rxe1+ 44. Nxe1
Rc4 45. Nf3 Qc5 46. Rd3 Ne4 47. Qe3 Rc1+ 48. Ne1 Qc4 49. f3 Nc5 50. Rd2 d4
51. Qxd4 Rxe1+ 52. Kh2 Qc1 53. f6 Ne6 54. Qd3+ g6 55. Qd7 Rh1+ 56. Kg3 Qe1+
57. Rf2 Qe5+ 58. f4 Qxf6 59. Qd5 Ng7 0-1

[Event "Acropolis Open"]
[Site "Athens GRE"]
[Date "2006.08.16"]
[Round "4"]
[White "Erdogdu,M"]
[Black "Georgiev,Vl"]
[Result "1/2-1/2"]
[WhiteElo "2386"]
[BlackElo "2518"]
[EventDate "2006.08.13"]

1. e4 e5 2. Nf3 Nc6 3. Bb5 a6 4. Ba4 Nf6 5. d3 b5 6. Bb3 Bc5 7. Nc3 d6 8.
Nd5 h6 9. c3 O-O 10. O-O Rb8 11. h3 Nxd5 12. exd5 Ne7 13. d4 exd4 14. Nxd4
Bb7 15. Qf3 Bxd4 16. cxd4 Qd7 17. Re1 Rfe8 18. Bd2 b4 19. Re4 Kf8 20. Rae1
Ng8 21. Rxe8+ Rxe8 22. Bxb4 Rxe1+ 23. Bxe1 Nf6 24. a4 Qe7 25. Ba5 Ke8 26.
Bc4 Kd8 27. Qb3 Kc8 28. Qd3 Qe8 29. b3 Qe4 30. Bxa6 Qxd5 31. Bxb7+ Kxb7 32.
Bd2 Nd7 33. Be3 f5 34. h4 c6 35. Qc3 Kc7 36. Bf4 Nf8 37. Qc5 Ne6 38. Qa7+
Kd8 39. Qb6+ Ke7 40. Bd2 Nxd4 41. Qc7+ Kf8 42. Qd8+ Kf7 43. Qd7+ Kf8 44.
Qd8+ Kf7 45. Qd7+ 1/2-1/2

[Event "Acropolis Open"]
[Site "Athens GRE"]
[Date "2006.08.16"]
[Round "4"]
[White "Markidis,K"]
[Black "Grivas,E"]
[Result "1/2-1/2"]
[WhiteElo "2370"]
[BlackElo "2496"]
[EventDate "2006.08.13"]

1. e4 e6 2. d4 d5 3. Nc3 Nf6 4. Bg5 dxe4 5. Nxe4 Nbd7 6. Nf3 h6 7. Nxf6+
Nxf6 8. Be3 Nd5 9. Qd2 Bb4 10. c3 Bd6 11. Bc4 Bd7 12. O-O-O Ba4 13. Rde1
Bc6 14. h4 Qe7 15. Ne5 Bxe5 16. dxe5 O-O-O 17. f3 Nb6 18. Qe2 Bd5 19. Bxb6
axb6 20. Rd1 Qc5 21. Bxd5 Rxd5 22. Rxd5 Qxd5 23. a3 Rd8 24. Rd1 Qc5 25.
Rxd8+ Kxd8 26. h5 Ke7 27. g4 Qd5 28. Qe3 b5 29. g5 hxg5 30. Qxg5+ Kf8 31.
h6 gxh6 32. Qxh6+ Ke8 33. Qh8+ Kd7 34. Qf6 Kc6 35. Kc2 Qc4 36. Kd2 Qc5 37.
Qf4 Qf2+ 38. Kc1 Qe1+ 39. Kc2 Qe2+ 40. Kc1 Qe1+ 41. Kc2 Qe2+ 1/2-1/2

[Event "Acropolis Open"]
[Site "Athens GRE"]
[Date "2006.08.16"]
[Round "4"]
[White "Al Sayed,Mohamad"]
[Black "Karayannis,A"]
[Result "1-0"]
[WhiteElo "2492"]
[BlackElo "2380"]
[EventDate "2006.08.13"]

1. d4 Nf6 2. c4 e6 3. Nc3 d5 4. Nf3 c6 5. Bg5 h6 6. Bh4 dxc4 7. e4 g5 8.
Bg3 b5 9. Be2 Bb7 10. h4 Rg8 11. hxg5 hxg5 12. Qc2 Nbd7 13. Ne5 Nxe5 14.
Bxe5 Nd7 15. Bg3 Nb6 16. O-O-O Bd6 17. Bxd6 Qxd6 18. e5 Qf8 19. Ne4 O-O-O
20. Rh7 Kb8 21. Qd2 Nd5 22. Nc5 Nf4 23. g3 Ng6 24. Qxg5 Rh8 25. Nxb7 Rxh7
26. Nxd8 c3 27. Nxc6+ Kc7 28. Nxa7 1-0

[Event "Acropolis Open"]
[Site "Athens GRE"]
[Date "2006.08.16"]
[Round "4"]
[White "Esen,B"]
[Black "Petritaj,Fo"]
[Result "1-0"]
[WhiteElo "2459"]
[BlackElo "2210"]
[EventDate "2006.08.13"]

1. Nf3 Nf6 2. c4 g6 3. Nc3 Bg7 4. d4 c5 5. d5 d6 6. e4 b5 7. cxb5 a6 8.
bxa6 O-O 9. Be2 Bxa6 10. O-O Nbd7 11. Bf4 Qb6 12. Rb1 Rfb8 13. Re1 Ng4 14.
Bd2 Nde5 15. Nxe5 Nxe5 16. b3 Ra7 17. h3 h6 18. Na4 Qb7 19. Bc3 Bb5 20. Qc2
Qa6 21. Bxb5 Qxb5 22. Red1 g5 23. Ba1 Rbb7 24. Nc3 Qb4 25. a4 Ra8 26. Nb5
c4 27. Nd4 Rc7 28. Nf5 Bf8 29. Rdc1 Rac8 30. bxc4 Qxc4 31. Qxc4 Rxc4 32.
Rxc4 Nxc4 33. Rc1 Rb8 34. Rxc4 Rb1+ 35. Kh2 Rxa1 36. Rc8 Rxa4 37. Nxe7+ Kg7
38. Nf5+ Kg8 39. Nxh6+ Kg7 40. Nf5+ Kg8 41. Nxd6 f6 42. f3 g4 43. hxg4 Rd4
44. g5 fxg5 45. Nf5 Rd2 46. e5 g4 47. e6 1-0

[Event "Acropolis Open"]
[Site "Athens GRE"]
[Date "2006.08.16"]
[Round "4"]
[White "Managadze,N"]
[Black "Tsanas,A"]
[Result "1/2-1/2"]
[WhiteElo "2444"]
[BlackElo "2286"]
[EventDate "2006.08.13"]

1. Nf3 Nf6 2. g3 g6 3. Bg2 Bg7 4. O-O O-O 5. d3 d5 6. Nbd2 c5 7. e4 Nc6 8.
c3 e5 9. Re1 Re8 10. a3 h6 11. b4 d4 12. cxd4 cxd4 13. Nb3 a6 14. Bd2 Bd7
15. Nc5 Bc8 16. Qb1 b6 17. Nb3 Bd7 18. h3 Kh7 19. Nh2 Qb8 20. Rf1 Nh5 21.
Qd1 Qd6 22. Ng4 Rac8 23. Bf3 f5 24. exf5 Bxf5 25. Re1 Nf6 26. Bc1 Nd5 27.
Qd2 g5 28. Be4 Nce7 29. Bb2 Nc3 30. Bxc3 Rxc3 31. Nc1 Bxe4 32. Rxe4 Rcc8
33. Ne2 Nf5 34. Nh2 Qg6 35. h4 gxh4 36. Rg4 Qf6 37. gxh4 h5 38. Rg5 Bh6 39.
Rxh5 Qg6+ 40. Qg5 Kg7 41. Qg4 Rf8 42. Ra2 Qxg4+ 43. Nxg4 Kg6 44. Rxh6+ Nxh6
45. Nxe5+ Kf5 46. Nc4 Rcd8 47. Nxb6 Kg4 48. Nc4 Kxh4 49. Ne5 Rd6 50. Rc2
Ng4 51. Nxg4 Kxg4 52. Rc4 Kh3 53. Kf1 Rdf6 54. f4 Rd8 55. Kf2 Kg4 56. Rc5
Re8 57. Rg5+ Kh4 58. Rd5 Kg4 59. Rxd4 Rh6 60. Re4 Rh2+ 61. Ke3 Rh3+ 62. Kd4
Rd8+ 63. Kc4 Rdxd3 64. Nd4 Rxa3 65. f5+ Kg5 66. Re6 Rh6 1/2-1/2

[Event "Acropolis Open"]
[Site "Athens GRE"]
[Date "2006.08.16"]
[Round "4"]
[White "Papadopoulos,I"]
[Black "Sriram,J"]
[Result "1/2-1/2"]
[WhiteElo "2285"]
[BlackElo "2408"]
[EventDate "2006.08.13"]

1. e4 e5 2. Nf3 Nc6 3. Bb5 a6 4. Bxc6 dxc6 5. O-O Bd6 6. d4 exd4 7. Qxd4 f6
8. Be3 Ne7 9. Nbd2 Be6 10. Rad1 Ng6 11. Nc4 Bxc4 12. Qxc4 Qe7 13. b4 Qf7
14. Qxf7+ Kxf7 15. a3 Rhe8 16. Nd2 a5 17. bxa5 Rxa5 18. Nc4 Ra4 19. Nxd6+
cxd6 20. Rxd6 Rexe4 21. Rb1 Re7 22. Rd2 b5 23. Bc5 Rc7 24. Kf1 Rc4 25. Be3
Ne7 26. Rb4 Rc3 27. Rb3 Rc4 28. Rb4 Rxb4 29. axb4 Nd5 30. Bc5 Rc8 31. Rd4
Ra8 32. c4 Ra1+ 33. Ke2 Ra2+ 34. Ke1 Ra1+ 35. Ke2 Ra2+ 36. Ke1 Ra1+ 1/2-1/2

[Event "Acropolis Open"]
[Site "Athens GRE"]
[Date "2006.08.16"]
[Round "4"]
[White "Dagkakis,P"]
[Black "Khetsuriani,B"]
[Result "1-0"]
[WhiteElo "2267"]
[BlackElo "2393"]
[EventDate "2006.08.13"]

1. Nf3 Nf6 2. g3 b6 3. Bg2 Bb7 4. c4 e6 5. O-O Be7 6. b3 O-O 7. Bb2 c5 8.
e3 d6 9. Nc3 Nbd7 10. Qe2 a6 11. Rfd1 Ne4 12. d3 Nxc3 13. Bxc3 Qc7 14. Rac1
Rfe8 15. Qb2 Bf6 16. Bxf6 Nxf6 17. b4 Bc6 18. bxc5 bxc5 19. Rb1 Nd7 20. Ne1
Reb8 21. Qc3 h6 22. d4 Bxg2 23. Kxg2 Rxb1 24. Rxb1 Qc6+ 25. Kg1 Rc8 26. Nd3
Nf6 27. dxc5 Ne4 28. Qb4 dxc5 29. Qb7 Qxb7 30. Rxb7 Rd8 31. Rb3 g5 32. h3
Nd2 33. Rc3 Ne4 34. Rb3 a5 35. Kg2 f5 36. Ra3 1-0

[Event "Acropolis Open"]
[Site "Athens GRE"]
[Date "2006.08.16"]
[Round "4"]
[White "Shavtvaladze,N"]
[Black "Dounis,A"]
[Result "1-0"]
[WhiteElo "2383"]
[BlackElo "2152"]
[EventDate "2006.08.13"]

1. b3 Nf6 2. Bb2 d5 3. Nf3 g6 4. e3 Bg7 5. Be2 O-O 6. O-O c5 7. c4 dxc4 8.
bxc4 Nc6 9. d3 Qc7 10. Nc3 Rd8 11. Qb3 Bg4 12. Rfd1 Rac8 13. h3 Bxf3 14.
Bxf3 Ne5 15. Bxb7 Nxd3 16. Bxc8 Nxb2 17. Qxb2 Rxc8 18. Qc2 Qe5 19. Rab1 h6
20. Rb7 e6 21. Rxa7 g5 22. g3 Nh5 23. Ne2 Rb8 24. Rdd7 Rf8 25. Qd3 Qb8 26.
Rdb7 Qe5 27. Kg2 f5 28. f4 Qf6 29. g4 fxg4 30. hxg4 gxf4 31. gxh5 Qg5+ 32.
Kf1 fxe3+ 33. Ke1 Bc3+ 34. Qxc3 Qh4+ 35. Kd1 Rf1+ 36. Kc2 Qe4+ 37. Qd3 1-0

[Event "Acropolis Open"]
[Site "Athens GRE"]
[Date "2006.08.16"]
[Round "4"]
[White "Botsari,A"]
[Black "Sandalakis,A"]
[Result "1-0"]
[WhiteElo "2372"]
[BlackElo "2220"]
[EventDate "2006.08.13"]

1. d4 b6 2. e4 Bb7 3. Nd2 e6 4. Ngf3 Ne7 5. c3 Ng6 6. h4 d5 7. e5 c5 8. h5
Ne7 9. Bd3 Nbc6 10. g4 Qd7 11. a3 h6 12. b4 c4 13. Bc2 a6 14. Nf1 O-O-O 15.
Ng3 Rg8 16. Nh4 Kb8 17. f4 g6 18. Be3 Na7 19. Qd2 Bc6 20. a4 Qb7 21. hxg6
fxg6 22. a5 Nb5 23. Kf2 Be8 24. axb6 Qxb6 25. Nf3 Ka7 26. f5 gxf5 27. gxf5
exf5 28. Bxh6 Bg6 29. Ne2 Nc7 30. Rag1 Ne6 31. Bxf8 Rdxf8 32. Rh6 Qd8 33.
Nf4 Nxf4 34. Qxf4 Rf7 35. Ng5 Kb7 36. Nxf7 Bxf7 37. Rxg8 Qxg8 38. Qh4 Ng6
39. Qf6 1-0

[Event "Acropolis Open"]
[Site "Athens GRE"]
[Date "2006.08.16"]
[Round "4"]
[White "Mastrovasilis,D"]
[Black "Citak,S"]
[Result "1-0"]
[WhiteElo "2567"]
[BlackElo "2258"]
[EventDate "2006.08.13"]

1. e4 c5 2. d3 e6 3. f4 d5 4. Be2 Nc6 5. Nf3 Nf6 6. e5 Nd7 7. c3 Be7 8. d4
O-O 9. O-O b6 10. Na3 Bb7 11. Be3 Rc8 12. Nc2 cxd4 13. cxd4 f5 14. Bd3 Rf7
15. Kh1 h6 16. Rg1 g6 17. g4 Rg7 18. Qf1 Kf7 19. Qh3 Nf8 20. gxf5 gxf5 21.
Bxf5 exf5 22. Qxf5+ Bf6 23. Rxg7+ Kxg7 24. Rg1+ Kf7 25. Qh5+ 1-0

[Event "Acropolis Open"]
[Site "Athens GRE"]
[Date "2006.08.16"]
[Round "4"]
[White "Hakki,I"]
[Black "Skaperdas,K"]
[Result "1/2-1/2"]
[WhiteElo "2447"]
[BlackElo "2235"]
[EventDate "2006.08.13"]

1. e4 e6 2. d4 d5 3. Nc3 Bb4 4. e5 c5 5. a3 Bxc3+ 6. bxc3 Ne7 7. Nf3 Nbc6
8. a4 Qa5 9. Bd2 Bd7 10. Bb5 a6 11. Be2 O-O-O 12. O-O f6 13. c4 Qc7 14.
cxd5 Nxd5 15. c4 Nde7 16. exf6 gxf6 17. dxc5 e5 18. Bc3 Bh3 1/2-1/2

[Event "Acropolis Open"]
[Site "Athens GRE"]
[Date "2006.08.16"]
[Round "4"]
[White "Hadzimanolis,A"]
[Black "Koliopoulos,K"]
[Result "1-0"]
[WhiteElo "2333"]
[BlackElo "2204"]
[EventDate "2006.08.13"]

1. e4 e5 2. Nf3 Nf6 3. Nc3 Nc6 4. g3 Bc5 5. Bg2 d6 6. O-O a6 7. d3 Be6 8.
h3 h6 9. Be3 Qd7 10. Kh2 Bxe3 11. fxe3 d5 12. exd5 Nxd5 13. Qd2 O-O 14. Ne4
Qe7 15. c4 Nb6 16. Nh4 Rad8 17. b3 Rd7 18. Qc3 Rfd8 19. Rad1 f6 20. Nf5
Bxf5 21. Rxf5 Nb4 22. d4 exd4 23. exd4 Nc6 24. d5 Ne5 25. Qd4 Qa3 26. Nc5
Qxa2 27. Rf2 Qa3 28. Nxb7 Qxb3 29. Nxd8 Rxd8 30. c5 Nbd7 31. d6 Kh8 32.
dxc7 Rc8 33. c6 Rxc7 34. Rb2 Qa3 35. cxd7 Rxd7 36. Rb8+ Kh7 37. Qxd7 Qxg3+
1-0

[Event "Acropolis Open"]
[Site "Athens GRE"]
[Date "2006.08.16"]
[Round "4"]
[White "Simeonidis,I"]
[Black "Klokas,K"]
[Result "1-0"]
[WhiteElo "2299"]
[BlackElo "2193"]
[EventDate "2006.08.13"]

1. d4 f5 2. Bg5 Nf6 3. Bxf6 exf6 4. e3 d5 5. c4 Nc6 6. Nc3 dxc4 7. Bxc4 Bb4
8. Nge2 Qd6 9. O-O a6 10. Nf4 g6 11. Ncd5 Ba5 12. a3 b5 13. Ba2 Nd8 14. b4
Bb6 15. Nxb6 Qxb6 16. Qf3 Bb7 17. Qh3 Kd7 18. Nxg6 Re8 19. Qxf5+ Ne6 20.
Nf4 1-0

[Event "Acropolis Open"]
[Site "Athens GRE"]
[Date "2006.08.16"]
[Round "4"]
[White "Gogolis,A"]
[Black "Gamback,B"]
[Result "1-0"]
[WhiteElo "2293"]
[BlackElo "2179"]
[EventDate "2006.08.13"]

1. d4 d5 2. Bg5 Bf5 3. e3 c5 4. c3 Qb6 5. Qb3 c4 6. Qxb6 axb6 7. Nd2 b5 8.
a3 Nd7 9. Be2 e6 10. Rc1 Bd6 11. Ngf3 h6 12. Bh4 Ngf6 13. Bxf6 Nxf6 14. O-O
O-O 15. Bd1 Bd3 16. Re1 Be4 17. Bc2 Rfe8 18. Nxe4 Nxe4 19. Bxe4 dxe4 20.
Nd2 f5 21. f3 exf3 22. Nxf3 Re7 23. e4 Rae8 24. Rc2 fxe4 25. Rxe4 e5 26.
dxe5 Bxe5 27. Kf1 Bf6 28. Rxe7 Rxe7 29. Rd2 Kf7 30. Rd5 Ke6 31. Rxb5 Kd6
32. Nd2 Kc6 33. Rb4 b5 34. a4 Rb7 35. axb5+ Rxb5 36. Rxc4+ Kd5 37. b4 Be5
38. h3 Rb7 39. Rc5+ Ke6 40. Nf3 Bg3 41. Ke2 Ra7 42. Nd4+ Kf6 43. Kf3 Be1
44. Rc6+ Kg5 45. Ne6+ Kf5 46. Nf4 Rf7 47. g4+ Kg5 48. Rc5+ Kf6 49. Rf5+ Ke7
50. Nd5+ Kf8 51. Rxf7+ Kxf7 52. c4 Ke6 53. Ke4 g6 54. c5 h5 55. b5 hxg4 56.
hxg4 Bf2 57. Nf4+ Kf6 58. c6 Ke7 59. Kd5 g5 60. Ne6 Be3 61. Nc5 1-0

[Event "Acropolis Open"]
[Site "Athens GRE"]
[Date "2006.08.16"]
[Round "4"]
[White "Himaras,S"]
[Black "Sarandos,V"]
[Result "0-1"]
[WhiteElo "2193"]
[BlackElo "2278"]
[EventDate "2006.08.13"]

1. d4 Nf6 2. c4 c5 3. Nf3 cxd4 4. Nxd4 e5 5. Nb5 d5 6. cxd5 a6 7. N5c3 Bc5
8. h3 b5 9. a3 Bf5 10. g4 Ne4 11. e3 Bg6 12. Bg2 Nd6 13. e4 Nd7 14. Qe2 h5
15. g5 Bd4 16. O-O Rc8 17. Kh1 Nc5 18. Nd2 Bxc3 19. bxc3 O-O 20. c4 bxc4
21. Nxc4 Ndxe4 22. Bb2 Qxg5 23. Nxe5 Rfe8 24. Nf3 Qxd5 25. Rfd1 Nd3 0-1

[Event "Acropolis Open"]
[Site "Athens GRE"]
[Date "2006.08.16"]
[Round "4"]
[White "Delithanasis,D"]
[Black "Pountzas,H"]
[Result "0-1"]
[WhiteElo "2264"]
[BlackElo "2262"]
[EventDate "2006.08.13"]

1. f4 Nf6 2. Nf3 d6 3. g3 g6 4. b3 Bg7 5. Bb2 O-O 6. Bg2 e5 7. fxe5 Ng4 8.
Bc3 dxe5 9. h3 Nh6 10. e4 Nc6 11. d3 f5 12. Qd2 Nf7 13. Qe2 a5 14. Nbd2 a4
15. O-O Nd6 16. bxa4 Rxa4 17. Rfb1 fxe4 18. dxe4 Be6 19. a3 Qa8 20. Bb2
Qa7+ 21. Kh2 Kh8 22. Rf1 Bg8 23. Ne1 Rxf1 24. Qxf1 Qe3 25. Qd3 Qb6 26. Rb1
Ba2 27. Bxe5 Nxe5 28. Rxb6 Nxd3 29. Rxd6 Nxe1 30. Rd8+ Bg8 31. Rb8 Nxg2 32.
Kxg2 Rd4 33. Nf3 Rxe4 34. Rxb7 Rc4 0-1

[Event "Acropolis Open"]
[Site "Athens GRE"]
[Date "2006.08.16"]
[Round "4"]
[White "Grigoriadis,A"]
[Black "Valden,P"]
[Result "1/2-1/2"]
[WhiteElo "2214"]
[BlackElo "2165"]
[EventDate "2006.08.13"]

1. c4 c5 2. Nf3 Nf6 3. Nc3 Nc6 4. g3 g6 5. Bg2 Bg7 6. O-O O-O 7. d4 cxd4 8.
Nxd4 Nxd4 9. Qxd4 d6 10. Qd3 Qa5 11. Bd2 Qh5 12. f3 Be6 13. b3 d5 14. cxd5
Nxd5 15. Nxd5 Qxd5 16. Qxd5 Bxd5 17. Rac1 Rfd8 18. Bg5 Bc6 19. Rfd1 Kf8 20.
Be3 Ke8 21. Rxd8+ Rxd8 22. f4 Bxg2 23. Kxg2 b6 24. Kf3 f5 25. Rc4 Rd7 26.
Rc8+ Rd8 27. Rc7 Rd7 1/2-1/2

[Event "Acropolis Open"]
[Site "Athens GRE"]
[Date "2006.08.16"]
[Round "4"]
[White "Kokolias,K"]
[Black "Tassopoulos,M"]
[Result "1/2-1/2"]
[WhiteElo "2188"]
[BlackElo "2270"]
[EventDate "2006.08.13"]

1. e4 c6 2. d4 d5 3. exd5 cxd5 4. c4 Nf6 5. Nc3 e6 6. Nf3 Be7 7. Bd3 dxc4
8. Bxc4 O-O 9. O-O Nc6 10. a3 a6 11. d5 exd5 12. Nxd5 Nxd5 13. Qxd5 Bf6 14.
Re1 Bg4 15. h3 Bxf3 16. Qxf3 Nd4 17. Qd3 b5 18. Bb3 Nxb3 19. Qxb3 Rc8 20.
Be3 Rc4 21. Red1 Qe7 22. Rac1 Rfc8 23. Rxc4 Rxc4 24. g3 h6 25. Kh2 Qe4 26.
Kg1 Bd4 27. Bxd4 Rxd4 28. Rxd4 Qxd4 1/2-1/2

[Event "Acropolis Open"]
[Site "Athens GRE"]
[Date "2006.08.16"]
[Round "4"]
[White "Kharlampidi,T"]
[Black "Alexakis,D"]
[Result "1/2-1/2"]
[WhiteElo "2181"]
[BlackElo "2201"]
[EventDate "2006.08.13"]

1. e4 d5 2. exd5 Qxd5 3. Nc3 Qa5 4. d4 Nf6 5. Bc4 Bf5 6. Nf3 e6 7. a3 c6 8.
Bf4 Ne4 9. O-O Nxc3 10. Qd2 Nd7 11. bxc3 Be7 12. Rfb1 b5 13. Bd3 Bxd3 14.
cxd3 Nb6 15. Bc7 Rc8 16. Bxb6 Qxb6 17. a4 a6 18. c4 O-O 19. axb5 axb5 20.
Qa5 Qxa5 21. Rxa5 bxc4 22. dxc4 Rb8 23. Raa1 Bf6 24. Rxb8 Rxb8 25. c5 Kf8
26. Kf1 Ke8 27. Ke2 h5 28. Ra2 g5 29. Kd3 Rb3+ 30. Kc4 Rb1 31. Nd2 Rd1 32.
Kd3 g4 33. g3 Bg5 34. Ke2 Rxd2+ 35. Rxd2 Bxd2 36. Kxd2 Ke7 37. Ke3 f5 38.
f4 Kd7 39. Kd3 Kc7 40. Kc4 Kb7 41. Kb4 Ka6 42. Ka4 Kb7 43. Ka5 Ka7 1/2-1/2

[Event "Acropolis Open"]
[Site "Athens GRE"]
[Date "2006.08.16"]
[Round "4"]
[White "Parginos,V"]
[Black "Pandavos,P"]
[Result "1-0"]
[WhiteElo "2177"]
[BlackElo "2312"]
[EventDate "2006.08.13"]

1. d4 Nc6 2. Nf3 d5 3. c4 e6 4. Nc3 Nf6 5. cxd5 Nxd5 6. e4 Nxc3 7. bxc3 Be7
8. Bd3 O-O 9. O-O Na5 10. Re1 c5 11. e5 b6 12. Re4 Bb7 13. Rg4 g6 14. Ng5
f5 15. exf6 1-0

[Event "Acropolis Open"]
[Site "Athens GRE"]
[Date "2006.08.16"]
[Round "4"]
[White "Fragiadakis,K"]
[Black "Kakadelis,S"]
[Result "1/2-1/2"]
[WhiteElo "2223"]
[BlackElo "2157"]
[EventDate "2006.08.13"]

1. e4 e5 2. Nf3 Nc6 3. Bc4 Bc5 4. c3 Bb6 5. O-O Nf6 6. d4 Qe7 7. Bg5 d6 8.
a4 a6 9. Bd5 Bd7 10. Na3 h6 11. Bh4 O-O 12. Nc4 Ba7 13. b4 g5 14. Nxg5 Nxd5
15. exd5 hxg5 16. dxc6 Bxc6 17. Qg4 Bd7 18. Qxg5+ Qxg5 19. Bxg5 exd4 20.
cxd4 Bxd4 21. Ra3 f5 22. Rd1 Bg7 23. Ne3 Kf7 24. Nd5 Rac8 25. h4 Rfe8 26.
Rb1 Re4 27. b5 Be6 28. Nf4 Bc4 29. Rf3 Rce8 30. Kh2 axb5 31. axb5 b6 32.
Nh5 Be5+ 33. Ng3 Be6 34. Rc1 d5 35. Kg1 Bxg3 36. Rxg3 Rc4 37. Rxc4 dxc4 38.
Bf4 Rg8 39. Rxg8 Kxg8 40. Bxc7 Bd7 41. Bxb6 Bxb5 42. Bd4 Kh7 43. f3 Bd7 44.
Kf2 Kh6 45. Ke3 Kh5 46. Bf6 Bb5 47. Kf4 Bd7 48. Kg3 Bb5 49. Bc3 Bd7 50. Be1
Be6 51. Kf4 Bd7 52. Ke3 c3 53. Kd3 Bb5+ 54. Kxc3 Bf1 55. Kd2 Bxg2 56. Ke2
f4 57. Bf2 Bh3 58. Kd3 Bf5+ 59. Kd4 Kg6 60. Ke5 Bd7 61. Kxf4 Bc8 62. Ke5
Bd7 63. Bb6 Bc6 64. f4 Bd7 65. Bd8 Bc8 66. Bg5 Bg4 67. f5+ Bxf5 68. h5+
1/2-1/2

[Event "Acropolis Open"]
[Site "Athens GRE"]
[Date "2006.08.17"]
[Round "5"]
[White "Svetushkin,D"]
[Black "Gelashvili,T"]
[Result "1-0"]
[WhiteElo "2569"]
[BlackElo "2575"]
[EventDate "2006.08.13"]

1. e4 c6 2. d4 d5 3. Nd2 dxe4 4. Nxe4 Bf5 5. Ng3 Bg6 6. h4 h6 7. Nf3 Nd7 8.
h5 Bh7 9. Bd3 Bxd3 10. Qxd3 e6 11. Bf4 Ngf6 12. O-O-O Be7 13. Ne4 Nxe4 14.
Qxe4 Nf6 15. Qd3 Qa5 16. Kb1 Ng4 17. Qe2 Qb5 18. Rd3 O-O-O 19. Nd2 Nf6 20.
Be5 Bd6 21. c4 Qa5 22. c5 Bxe5 23. Nc4 Qc7 24. dxe5 Rxd3 25. Qxd3 Nd5 26.
Rh4 f6 27. Rg4 f5 28. Rg3 Kb8 29. Qd4 Rd8 30. Nd6 Rd7 31. Qa4 Qd8 32. Ra3
a6 33. Rg3 f4 34. Rg4 g5 35. a3 Rxd6 36. cxd6 Qb6 37. Qc2 Qd4 38. Qe2 b5
39. g3 b4 40. gxf4 Nxf4 41. Qe3 Qd1+ 42. Ka2 Nd5 43. Rxb4+ Nxb4+ 44. axb4
Kb7 45. Qb3 Qg4 46. Qd3 Qxb4 47. Qb3 Qb5 48. Qxb5+ axb5 49. b4 g4 50. Kb3
Kc8 51. Kc3 Kb7 52. Kd3 Kc8 53. Kd4 Kb8 54. Kc5 1-0